000 02073nam0a2200397 i 4500
001 RU\NLR\bibl\1937529
005 20241102232448.0
010 _a9785932522264
_9100
021 _aRU
_b2012-54449
_93967
035 _a(nilc)LIBNET\0000233887
035 _a(NLR Aleph) 001926822
090 _a3381240
_c3381240
100 _a20120427d2011 u y0rusy50 ca
101 0 _arus
102 _aRU
105 _aa |||||||||
200 1 _aПроектирование в материале. Современные способы швейной обработки трикотажных изделий
_eучебное пособие
_e[для студентов по направлению 072500 "Дизайн" профиля подготовки 072500.62 "Дизайн трикотажных изделий"]
_fС. Б. Катаева, Г. И. Мартынюк
_gМИНОБРНАУКИ России, Ом. гос. ин-т сервиса, Каф. Дизайна костюма
210 _aОмск
_cОГИС
_d2011
215 _a100 с.
_cил.
_d21
320 _aБиблиогр.: с. 88-89 (13 назв.)
320 _aАлф.-предм. указ.: с. 99-100
517 0 _aСовременные способы швейной обработки трикотажных изделий
606 _aТрикотажные изделия
_jУчебные издания для высших учебных заведений
_xПошив
_91817560
_3RU\NLR\auth\661113250
610 1 _aТРИКОТАЖНОЕ ИЗДЕЛИЕ
610 1 _aПРОЕКТИРОВАНИЕ ОДЕЖДЫ
610 1 _aОТДЕЛКА ОДЕЖДЫ
686 _a37.238-02я73
_vLBC/RL
_2rubbk
686 _aМ380.603я73-1
700 1 _aКатаева
_bС. Б.
_gСветлана Борисовна
_4070
701 1 _aМартынюк
_bГ. И.
_gГалина Ивановна
_4070
801 0 _aRU
_bОмская ГОНБ
_c20120427
_grcr
801 1 _aRU
_bОмская ГОНБ
_c20120427
_grcr
_2rusmarc
801 2 _aRU
_bNLR
_c20120824
_grcr
942 _cBOOK
980 _aNBR